| 000 | 00762nam a22002417a 4500 | ||
|---|---|---|---|
| 001 | 21675 | ||
| 003 | BD-RjUL | ||
| 005 | 20211209000720.0 | ||
| 008 | 140305s1965 enk||||| |||| 001 0 eng d | ||
| 035 | _a(BD-RjUL)21740 | ||
| 040 |
_aBD-RjUL _beng _cBD-RjUL _dBD-RjUL |
||
| 041 | _aeng | ||
| 082 | 0 | 4 |
_220 _a821.3 _bSPE 1965 |
| 100 |
_a _966941 |
||
| 245 | 0 |
_aSpenser Poetical works / _cedited by J C Smith and E. De. Selincourt |
|
| 260 |
_aLondon ; _aNew York : _bOxford university press, _c1965. |
||
| 300 |
_aIxvii, 736p. _c18cm. |
||
| 600 | 0 |
_aSpenser, Edmund, _d1552-1599. _966955 |
|
| 650 | 0 |
_a Poets, English _x Biography _x History and criticism. _966943 |
|
| 700 | 1 |
_aSmith, J. C. _966944 |
|
| 700 | 1 |
_a Selincourt, E. De. _966945 |
|
| 942 |
_2ddc _cBK |
||
| 999 |
_c21675 _d21675 |
||